| 000 | 00786cab a22001935a 4500 | ||
|---|---|---|---|
| 001 | L147709 | ||
| 008 | 090608e20090422xxkd f 000 0 eng d | ||
| 035 | _a(Sirsi) u147709 | ||
| 041 | 0 | _aeng | |
| 100 | 1 | _aStagg, James | |
| 245 | 0 | 0 | _aBumper month for civils |
| 260 | _c2009 | ||
| 490 |
_aContract Journal _v446(6719) 22 April 2009, 16-17(2) |
||
| 520 | _aLooks at CJ50, the Contract Journal's monthly league table of new work winners. An excellent month for infrastructure has seen the total for March 2009 at its highest level since summer 2008. Morrison Utillity Services topped the 12 month rolling table due to a ten year framework agreement. Tables. Graphs. | ||
| 590 | _aKA | ||
| 651 | 4 |
_aUnited Kingdom _y |
|
| 690 | _aBUILT ENVIRONMENT-CONSTRUCTION MARKET | ||
| 942 | _n0 | ||
| 999 |
_c81615 _d81615 |
||